INDIGO'S STAR (Record no. 6454)
[ view plain ]
| 000 -LEADER | |
|---|---|
| fixed length control field | 00613nam a22001457a 4500 |
| 020 ## - INTERNATIONAL STANDARD BOOK NUMBER | |
| ISBN | 0-340-87579-8 |
| 082 ## - DEWEY DECIMAL CLASSIFICATION NUMBER | |
| Classification number | 823 |
| Item number | MCK/I |
| 100 ## - MAIN ENTRY--AUTHOR NAME | |
| Personal name | MCKAY, HILARY |
| 245 ## - TITLE STATEMENT | |
| Title | INDIGO'S STAR |
| 260 ## - PUBLICATION, DISTRIBUTION, ETC. (IMPRINT) | |
| Place of publication | BRITAIN |
| Name of publisher | HODDER CHILDREN'S BOOKS |
| Year of publication | 2004 |
| 300 ## - PHYSICAL DESCRIPTION | |
| Number of Pages | 244 |
| 520 ## - SUMMARY, ETC. | |
| Summary, etc | IT'S BACK TO SCHOOL FOR THE START OF A NEW TERM, AND THE ECCENTRIC CASSONS ARE UP TO THEIR OLD TRICKS! Indigo, having just recovered from a bout of mononucleosis, must return to school after missing an entire semester. Only his younger sister and loyal sidekick, Rose, knows why he's dreading it so much. |
| 650 ## - SUBJECT ADDED ENTRY--TOPICAL TERM | |
| Topical Term | SHORT STORY |
| 942 ## - ADDED ENTRY ELEMENTS (KOHA) | |
| Koha item type | Books |
| Withdrawn status | Lost status | Collection code | Home library | Current library | Shelving location | Date acquired | Source of acquisition | Full call number | Accession Number | Koha item type |
|---|---|---|---|---|---|---|---|---|---|---|
| Fiction | Main Library | Main Library | SHELF 15-K-CHILDREN'S STORYBOOKS | 19/03/2014 | Purchase | 823 MCK/I | 07972 | Books |